| Tag |
First Indicator |
Second Indicator |
Subfields |
| LEADER |
00000cam a2200000 a 4500 |
| 001 |
in00000072839 |
| 005 |
20151008054638.0 |
| 008 |
811217s1981 okuab b 10000 eng |
| 010 |
|
|
|a 81184668
|
| 035 |
|
|
|a (OCoLC)08115331
|
| 035 |
|
|
|9 AAJ1261AM
|
| 039 |
0 |
|
|a 2
|b 3
|c 3
|d 3
|e 3
|
| 040 |
|
|
|a DLC
|c DLC
|d TXA
|d UtOrBLW
|
| 049 |
|
|
|a TXAM
|c [932939]
|
| 050 |
0 |
0 |
|a TN270
|b .R424
|
| 082 |
0 |
|
|a 553.2
|2 19
|
| 245 |
0 |
0 |
|a Recent and ancient nonmarine depositional environments :
|b models for exploration : based on a symposium sponsored by the Rocky Mountain Section /
|c edited by Frank G. Ethridge and Romeo M. Flores.
|
| 264 |
|
1 |
|a Tulsa, Okla. :
|b Society of Economic Paleontologists and Mineralogists,
|c 1981.
|
| 300 |
|
|
|a 349 pages :
|b illustrations, maps ;
|c 25 cm.
|
| 336 |
|
|
|a text
|b txt
|2 rdacontent
|
| 337 |
|
|
|a unmediated
|b n
|2 rdamedia
|
| 338 |
|
|
|a volume
|b nc
|2 rdacarrier
|
| 490 |
1 |
|
|a Special publication / Society of Economic Paleontologists and Mineralogists ;
|v no. 31
|
| 504 |
|
|
|a Includes bibliographies.
|
| 650 |
|
0 |
|a Prospecting.
|
| 650 |
|
0 |
|a Sediments (Geology)
|
| 700 |
1 |
|
|a Ethridge, Frank G.
|
| 700 |
1 |
|
|a Flores, Romeo M.
|
| 710 |
2 |
|
|a Society of Economic Paleontologists and Mineralogists.
|b Rocky Mountain Section.
|
| 830 |
|
0 |
|a Special publication (Society of Economic Paleontologists and Mineralogists) ;
|v no. 31.
|
| 999 |
|
|
|a MARS
|
| 999 |
f |
f |
|s ee8b8b30-190b-330d-a984-92426ca80d0c
|i a93a9565-1708-3449-91c5-d1ba63000fea
|t 0
|
| 952 |
f |
f |
|p ric
|a Texas A&M University
|b Rellis Campus
|c Joint Library Facility
|d Remote Storage
|t 0
|e TN270 .R424
|h Library of Congress classification
|i unmediated -- volume
|m A14806254816
|
| 998 |
f |
f |
|a TN270 .R424
|t 0
|l Remote Storage
|